In Search of the Human Mind
Αποθηκεύτηκε σε:
| Κύριος συγγραφέας: | |
|---|---|
| Μορφή: | Βιβλίο |
| Γλώσσα: | English |
| Δημοσίευση: |
Fort Worth :
Harcount Brace College Publishers,
c1995
|
| Θέματα: | |
| Ετικέτες: |
Προσθήκη ετικέτας
Δεν υπάρχουν, Καταχωρήστε ετικέτα πρώτοι!
|
MARC
| LEADER | 00000nam a2200000 i 4500 | ||
|---|---|---|---|
| 001 | 1/37530 | ||
| 008 | 970506s1995 eng d | ||
| 020 | |a 0-15-500342-9 | ||
| 035 | |1 ΕΛΗ |a 1997 |b 1604 |c ΤΟΚΑΤΛΙΔΟΥ |l 10040534 | ||
| 040 | |a GR-MY-UA |b gre |e aacr | ||
| 041 | 0 | |a eng | |
| 082 | 0 | |a 150 | |
| 100 | 1 | |a Sternberg, Robert J. | |
| 245 | 1 | 0 | |a In Search of the Human Mind / |c Robert J. Sternberg |
| 260 | |a Fort Worth : |b Harcount Brace College Publishers, |c c1995 | ||
| 300 | |a xxxv, 741, [148] p.; |b col. ill.; |c 28 cm. | ||
| 500 | |a Includes bibliographical references and indexes | ||
| 650 | 0 | 0 | |a Psychology. |
| 852 | |a INST |b SAMOS |e 19970506 |h 150 STE |p 005300008879 |q 005300008879 |t BK |y 0 | ||
| 901 | |a BIBL-1997-2 | ||
| 909 | |a Σ |b 050876 | ||